Bezpečnost klienta při poskytování ošetřovatelské péče

Saved in:
Bibliographic Details
Main Author Krystýnová, Martina (Dissertant)
Other Authors Karafiátová, Michaela (Thesis advisor)
Format Manuscript Book
LanguageCzech
Published 2010
Subjects
Online AccessPlný text v Digitální knihovně UTB
Physical Description136 s., 10 s. příloh

Cover

LEADER 00000ntm a22000007u 4500
001 zp14219
041 |a cze 
100 1 |a Krystýnová, Martina  |4 dis 
245 1 0 |a Bezpečnost klienta při poskytování ošetřovatelské péče 
246 |a The safeness of the client when providing nursing care 
260 |c 2010 
300 |a 136 s., 10 s. příloh 
500 |a Studijní obor: Všeobecná sestra 
500 |a Studijní obor: General Nurse 
500 |a Ústav: Ústav ošetřovatelství 
500 |a Univerzita Tomáše Bati ve Zlíně. Fakulta humanitních studií 
500 |a Tomas Bata University in Zlín. Faculty of Humanities 
506 |a Bez omezení 
653 |a Bezpečnost klienta 
653 |a ošetřovatelská péče 
653 |a rizika 
653 |a manažer rizik 
653 |a pochybení a omyly 
653 |a Safety of the client 
653 |a nursing care 
653 |a risks 
653 |a manager of risks 
653 |a errors and mistakes 
655 4 |a bakalářská práce 
700 1 |a Karafiátová, Michaela  |4 ths 
710 2 |a Univerzita Tomáše Bati ve Zlíně. Fakulta humanitních studií  |4 dgg 
710 2 |a Tomas Bata University in Zlín. Faculty of Humanities  |4 dgg 
856 4 0 |u http://hdl.handle.net/10563/14045  |y Plný text v Digitální knihovně UTB